| 000 | 00949nam a22002177a 4500 | ||
|---|---|---|---|
| 003 | JO-AjAnu | ||
| 005 | 20250723113224.0 | ||
| 008 | 250723b jo ||||| |||| 00| 0 ara d | ||
| 020 | _a9789957099176 | ||
| 040 |
_aJO-AjAnu _bara _cJO-AjAnu _dJO-AjAnu _erda |
||
| 041 |
_aara _hara |
||
| 050 |
_aPJ8042 _b2025 |
||
| 100 | 1 |
_aعريز، سلطانه محمد رضوان _eمؤلف _966617 |
|
| 245 | 0 |
_aالمرجعيات الثقافية في التجربة الشعرية العربية : دراسة نقدية لتجربة عدنان الصائغ انموذجاً / _cتأليف سلطانة محمد رضوان غريز |
|
| 250 | _aالطبعة الاولى | ||
| 260 |
_aعمان : _bدار ازمنة، _c2025 |
||
| 300 | _a319 صفحة | ||
| 504 | _aيحتوي على قائمة مصادر ومراجع | ||
| 650 | 7 | 0 |
_aالشعر العربي-المرجعيات-الادب العربي-العصر الحديث _966618 |
| 942 |
_2lcc _cBK _n0 |
||
| 999 |
_c33961 _d33961 |
||